Home Print Resources E-Books E-Journals IIMT Lecture Series Library Membership Form Book Recommendation Form Campus Tour Take AdmissionAbout Us Contact Us

Introduction to Computer (Record no. 4721)

000 -LEADER
fixed length control field 00358nam a2200157Ia 4500
003 - CONTROL NUMBER IDENTIFIER
control field OSt
005 - DATE AND TIME OF LATEST TRANSACTION
control field 20231123065042.0
008 - FIXED-LENGTH DATA ELEMENTS--GENERAL INFORMATION
fixed length control field 170524s9999 xx 000 0 und d
020 ## - INTERNATIONAL STANDARD BOOK NUMBER
International Standard Book Number 9780070593749
040 ## - CATALOGING SOURCE
Transcribing agency IIMT UNIVERSITY
100 ## - MAIN ENTRY--PERSONAL NAME
Personal name Norton Peter
245 #0 - TITLE STATEMENT
Title Introduction to Computer
260 ## - PUBLICATION, DISTRIBUTION, ETC.
Name of publisher, distributor, etc. TMH New Delhi
260 ## - PUBLICATION, DISTRIBUTION, ETC.
Date of publication, distribution, etc. 2007
942 ## - ADDED ENTRY ELEMENTS (KOHA)
Source of classification or shelving scheme
Koha item type Book Bank
Holdings
Withdrawn status Lost status Source of classification or shelving scheme Damaged status Not for loan Home library Current library Date acquired Barcode Date last seen Uniform Resource Identifier Price effective from Koha item type Public note Total Checkouts Date last checked out
          IIMT University Central Library Meerut IIMT University Central Library Meerut 05/31/2017 01-B-40723 05/31/2017 COMPUTER SCIENCE 05/31/2017 Reference Book Engineering Departmental Library books    
          IIMT University Central Library Meerut IIMT University Central Library Meerut 05/31/2017 01-B-40724 05/31/2017 COMPUTER SCIENCE 05/31/2017 Book Bank      
          IIMT University Central Library Meerut IIMT University Central Library Meerut 05/31/2017 01-B-40725 05/31/2017 COMPUTER SCIENCE 05/31/2017 Book Bank      
          IIMT University Central Library Meerut IIMT University Central Library Meerut 05/31/2017 01-B-40726 10/13/2022 COMPUTER SCIENCE 05/31/2017 Book Bank   2 10/01/2022
          IIMT University Central Library Meerut IIMT University Central Library Meerut 05/31/2017 01-B-40727 05/31/2017 COMPUTER SCIENCE 05/31/2017 Book Bank      
          IIMT University Central Library Meerut IIMT University Central Library Meerut 05/31/2017 01-B-40728 05/31/2017 COMPUTER SCIENCE 05/31/2017 Book Bank      
          IIMT University Central Library Meerut IIMT University Central Library Meerut 05/31/2017 01-B-40729 01/19/2018 COMPUTER SCIENCE 05/31/2017 Book Bank   1 11/11/2017
          IIMT University Central Library Meerut IIMT University Central Library Meerut 05/31/2017 01-B-40730 11/14/2022 COMPUTER SCIENCE 05/31/2017 Book Bank   1 10/03/2022
IIMT, Central Library. All Rights Reserved IIMT,UNIVERSITY © 2023
Implemented and Customised by I CLOUDE EMS
You Are OPAC Visitor No
free web counter

Powered by Koha